Library Logo

Pioneer International University Library Catalogue

Women's Suffrage (Record no. 9864)

MARC details
000 -LEADER
fixed length control field 00480nam a22001577a 4500
003 - CONTROL NUMBER IDENTIFIER
control field OSt
005 - DATE AND TIME OF LATEST TRANSACTION
control field 20251202131824.0
008 - FIXED-LENGTH DATA ELEMENTS--GENERAL INFORMATION
fixed length control field 251202b |||||||| |||| 00| 0 eng d
020 ## - INTERNATIONAL STANDARD BOOK NUMBER
International Standard Book Number 0823936856
040 ## - CATALOGING SOURCE
Transcribing agency Rosen Publishing Group
050 ## - LIBRARY OF CONGRESS CALL NUMBER
Classification number HQ 1236 .A33 2003
245 ## - TITLE STATEMENT
Title Women's Suffrage
Remainder of title A primary source history of the women's rights movement in America
Statement of responsibility, etc. Adams Colleen
250 ## - EDITION STATEMENT
Edition statement First Edition
260 ## - PUBLICATION, DISTRIBUTION, ETC.
Place of publication, distribution, etc. New York
Name of publisher, distributor, etc. Rosen Publishing Group
Date of publication, distribution, etc. 2003
942 ## - ADDED ENTRY ELEMENTS (KOHA)
Source of classification or shelving scheme Dewey Decimal Classification
Koha item type Books
Suppress in OPAC No
Holdings
Withdrawn status Lost status Source of classification or shelving scheme Damaged status Not for loan Home library Current library Date acquired Total checkouts Barcode Date last seen Price effective from Koha item type
    Library of Congress Classification     PIU Library PIU Library 12/02/2025   PIUDLIR853 12/02/2025 12/02/2025 Books